00213nam a22000737a 4500003000400000100001700004245009900021260001900120OSt aAtulan Guha  aWorking paper 244 Global ramifications of reoriented us policies towards employment generation aGujarat bIRMA